000 00556nam a22001457a 4500
999 _c16247
_d16247
008 210820b ||||| |||| 00| 0 eng d
022 _a0732-8435
082 _aDPer 657.05 C33 Apr - Sept 2016, v86 n4-9
100 _aShenkman. Martin M.
_943555
245 _aFinancial planning must drive estate planning decisions, and CPAs must lead the way/
_cMartin M. Shenkman.
260 _aNew York:
_bThe New York State Society of CPA,
_c©2016.
300 _av86 n4, pages 68-69:
_billustration;
_c28 cm.
650 _aFinance
_xPlanning.
_942880
942 _2ddc
_cPER